[Event "POL-chT blind Gp-B"]
[Site "Mielno"]
[Date "2011.03.31"]
[Round "7.10"]
[White "Walczak, Jan"]
[Black "Krynicki, Henryk"]
[Result "0-1"]
[WhiteElo "1774"]
[BlackElo "2076"]
[PlyCount "66"]
[EventDate "2011.03.27"]
[EventType "team-tourn"]
[EventRounds "10"]
[EventCountry "POL"]
[SourceTitle "EXT 2019"]
[Source "ChessBase"]
[SourceDate "2018.10.10"]
[SourceVersion "1"]
[SourceVersionDate "2018.10.10"]
[SourceQuality "1"]

1. e4 c5 2. Nf3 a6 3. d4 cxd4 4. Nxd4 Nf6 5. e5 Qa5+ 6. Nc3 Qxe5+ 7. Be2 Nc6 8. Nf3 Qc7 9. Nd5 Nxd5 10. Qxd5 e6 11. Qe4 d5 12. Qa4 Bd7 13. c3 Be7 14. Bf4 Bd6 15. Bxd6 Qxd6 16. 0-0 0-0 17. Qc2 Qf4 18. Rad1 Rac8 19. Qd2 Qxd2 20. Rxd2 f6 21. c4 Ne7 22. Re1 Bc6 23. Nd4 Kf7 24. h3 Rfd8 25. c5 Bd7 26. b4 a5 27. a3 axb4 28. axb4 b6 29. Ba6 Ra8 30. Bb7 Ra4 31. c6 e5 32. c7 Rf8 33. Nc2 Ra7 0-1

[Event "POL-chT blind Gp-B"]
[Site "Mielno"]
[Date "2011.03.29"]
[Round "4.11"]
[White "Walczak, Jan"]
[Black "Wolanski, Michal"]
[Result "0-1"]
[WhiteElo "1774"]
[BlackElo "1966"]
[PlyCount "50"]
[EventDate "2011.03.27"]
[EventType "team-tourn"]
[EventRounds "10"]
[EventCountry "POL"]
[SourceTitle "EXT 2019"]
[Source "ChessBase"]
[SourceDate "2018.10.10"]
[SourceVersion "1"]
[SourceVersionDate "2018.10.10"]
[SourceQuality "1"]

1. e4 c5 2. Nf3 d6 3. d4 cxd4 4. Nxd4 Nf6 5. Nc3 g6 6. Bb5+ Bd7 7. Bxd7+ Nbxd7 8. 0-0 Bg7 9. Be3 0-0 10. h3 Rc8 11. Rc1 Nb6 12. Qd3 Nc4 13. b3 Nxe3 14. Qxe3 Qa5 15. Nde2 b5 16. a4 b4 17. Na2 Rc7 18. c3 bxc3 19. Naxc3 Rb8 20. Rb1 Rcb7 21. Nc1 Nd7 22. N3e2 Nb6 23. Qd3 Nd7 24. Nd4 Bxd4 25. b4 Qc7 0-1

[Event "POL-chT blind Gp-B"]
[Site "Mielno"]
[Date "2011.03.27"]
[Round "1.6"]
[White "Walczak, Jan"]
[Black "Stolarski, Janusz"]
[Result "1-0"]
[WhiteElo "1774"]
[BlackElo "1690"]
[PlyCount "84"]
[EventDate "2011.03.27"]
[EventType "team-tourn"]
[EventRounds "10"]
[EventCountry "POL"]
[SourceTitle "EXT 2019"]
[Source "ChessBase"]
[SourceDate "2018.10.10"]
[SourceVersion "1"]
[SourceVersionDate "2018.10.10"]
[SourceQuality "1"]

1. e4 c5 2. Nf3 Nc6 3. d4 Nxd4 4. Nxd4 cxd4 5. Qxd4 Qa5+ 6. Bd2 Qb6 7. Qxb6 axb6 8. Nc3 e6 9. Nb5 Kd8 10. e5 Ne7 11. Nd6 Ng6 12. Nxf7+ Ke7 13. Nxh8 Nxh8 14. Bb4+ Ke8 15. Bxf8 Kxf8 16. Bd3 g6 17. a3 Nf7 18. f4 Ke7 19. h4 d6 20. exd6+ Nxd6 21. h5 Kf6 22. hxg6 hxg6 23. Rh8 Ra4 24. g3 Bd7 25. Rg8 Nf5 26. Kf2 Bc6 27. Re1 b5 28. c3 Bd5 29. Bxb5 Re4 30. Rxe4 Bxe4 31. Bc4 Nd6 32. Be2 Bc6 33. Bd3 Nf5 34. g4 Ne7 35. Rh8 Kg7 36. Rd8 Bd5 37. c4 Bc6 38. b4 Ba4 39. b5 Kf6 40. Rb8 e5 41. fxe5+ Kxe5 42. Rxb7 Kd6 1-0

[Event "Grunwald Cup 22nd blind"]
[Site "Dadaj"]
[Date "2007.09.25"]
[Round "3"]
[White "Ruszczycki, Jacek"]
[Black "Walczak, Jan"]
[Result "1-0"]
[WhiteElo "2050"]
[BlackElo "1779"]
[PlyCount "21"]
[EventDate "2007.09.24"]
[EventType "swiss"]
[EventRounds "9"]
[EventCountry "POL"]
[SourceTitle "EXT 2009"]
[Source "ChessBase"]
[SourceDate "2008.11.26"]
[SourceVersion "1"]
[SourceVersionDate "2008.11.26"]
[SourceQuality "1"]

1. e4 e5 2. d4 exd4 3. Qxd4 Nc6 4. Qe3 Qe7 5. Nc3 Nf6 6. Bd2 Qc5 7. Qf4 Nh5 8. Qh4 a6 9. g4 Be7 10. Qxh5 Qxh5 11. gxh5 1-0

[Event "Grunwald Cup 20th blind"]
[Site "Dadaj"]
[Date "2005.09.17"]
[Round "9"]
[White "Harkowski, Krzysztof"]
[Black "Walczak, Jan"]
[Result "0-1"]
[WhiteElo "2089"]
[BlackElo "1801"]
[PlyCount "92"]
[EventDate "2005.09.09"]
[EventType "swiss"]
[EventRounds "9"]
[EventCountry "POL"]
[SourceTitle "EXT 2006"]
[Source "ChessBase"]
[SourceDate "2005.11.24"]
[SourceVersion "1"]
[SourceVersionDate "2005.11.24"]
[SourceQuality "1"]

1. e4 e5 2. Nf3 Nc6 3. Bc4 Nf6 4. d3 h6 5. c3 d5 6. exd5 Nxd5 7. 0-0 Be6 8. Re1 Bd6 9. Qb3 Na5 10. Qa4+ c6 11. Bxd5 Bxd5 12. Nxe5 0-0 13. c4 Be6 14. b4 Bxe5 15. Rxe5 Qd4 16. Rxa5 Qxa1 17. Qc2 Qd4 18. Bb2 Qd8 19. Nd2 Re8 20. Ne4 Bg4 21. f3 b6 22. Ra3 Bh5 23. Qd2 Qe7 24. Bc3 Bg6 25. Rb3 Rad8 26. Qc2 f5 27. Ng3 Qe3+ 28. Kf1 Qxd3+ 29. Qxd3 Rxd3 30. Ne2 Bf7 31. Nf4 Rd1+ 32. Kf2 Bxc4 33. Rb2 Rf1+ 34. Kg3 g5 35. Nh5 f4+ 36. Kh3 Be6+ 37. g4 fxg3+ 38. Kg2 gxh2 39. Kxh2 Rxf3 40. Nf6+ Kf7 41. Nxe8 Kxe8 42. Bg7 h5 43. Re2 Kf7 44. Bh6 g4 45. Bg5 Bf5 46. Bh4 Rh3+ 0-1

[Event "Grunwald Cup 20th blind"]
[Site "Dadaj"]
[Date "2005.09.15"]
[Round "7"]
[White "Rutkowski, Eugeniusz"]
[Black "Walczak, Jan"]
[Result "1-0"]
[WhiteElo "1996"]
[BlackElo "1801"]
[PlyCount "45"]
[EventDate "2005.09.09"]
[EventType "swiss"]
[EventRounds "9"]
[EventCountry "POL"]
[SourceTitle "EXT 2006"]
[Source "ChessBase"]
[SourceDate "2005.11.24"]
[SourceVersion "1"]
[SourceVersionDate "2005.11.24"]
[SourceQuality "1"]

1. d4 d5 2. c4 e6 3. Nf3 Nf6 4. Nc3 h6 5. e3 c6 6. Bd3 Bd6 7. 0-0 0-0 8. Ne5 Nbd7 9. f4 c5 10. b3 dxc4 11. bxc4 b6 12. Ne4 Nxe4 13. Bxe4 Rb8 14. Nc6 Qh4 15. Nxb8 Nxb8 16. Rf3 f5 17. Rh3 Qe7 18. Bf3 Kh7 19. g4 fxg4 20. Be4+ Kh8 21. Qxg4 cxd4 22. Qg6 Kg8 23. Rxh6 1-0